00806nam a2200229 a 450000100100000000500170001000800410002702000150006804000130008308200180009610000330011424500790014726000780022630000280030450000630033250000420039550400500043765000200048765000230050765000190053065000270054900001070320200929162258.0091009s1996 dr a 000 0 spa d a8484001911 aDO-SdBNP a621.56bM843n1 aMoreno San Juan, José Luis10aNociones de refrigeración y temas afines /cJosé Luis Moreno San Juan. aSanto Domingo :bFacultad de Ingenieria y Arquitectura de la UASD,c1996. a390 p. :bil. ;c28 cm. aIncluye datos biográficos del autor en la contracubierta aIncluye notas al pie de las páginas aIncluye referencias bibliográficas (p. 391) 4aRefrigeración 4aAire acondicionado 4aFrigorifícos 4aAlmacenamiento en frio